[Event "8th Essent op"]
[Site "Hoogeveen NED"]
[Date "2004.10.16"]
[Round "2.32"]
[White "Porat, David"]
[Black "Rooda, Kai P"]
[Result "1-0"]
[WhiteElo "2280"]
[BlackElo "2165"]
[EventDate "2004.10.15"]
[PlyCount "95"]

1.d4 Nc6 2.Nf3 d5 3.g3 Bg4 4.Bg2 e6 5.O-O Nf6 6.Nbd2 g6 7.Ne5 Bh5 8.Nxc6 
bxc6 9.Nf3 Bxf3 10.Bxf3 Bg7 11.Bf4 O-O 12.Rc1 Nd7 13.c4 g5 14.Be3 Nb6 15.
b3 f5 16.Qd2 Bh6 17.Qd3 Rf7 18.Rc2 Bf8 19.c5 Nc8 20.Bg2 f4 21.gxf4 gxf4 
22.Bxf4 Bg7 23.Bg3 Ne7 24.Bh3 Nf5 25.Bxf5 exf5 26.f3 Qg5 27.Kh1 f4 28.Bf2 
Re8 29.Rg1 Qf5 30.Qxf5 Rxf5 31.Rg4 Kf7 32.Kg2 h5 33.Rh4 Bh6 34.Kf1 Kg6 35.
Ke1 Rf7 36.Kd2 Rfe7 37.Kd3 Bg5 38.Rh3 Re3+ 39.Bxe3 Rxe3+ 40.Kd2 h4 41.Rc3 
Rxc3 42.Kxc3 Kf5 43.Kb4 Bf6 44.Ka5 Kg5 45.Ka6 Bxd4 46.Kxa7 Bxc5+ 47.Kb7 
Ba3 48.Kxc6 1-0

[Event "8th Essent op"]
[Site "Hoogeveen NED"]
[Date "2004.10.16"]
[Round "2.33"]
[White "Van Kooten, Luuk"]
[Black "Van Lommel, Patrick"]
[Result "1-0"]
[WhiteElo "2272"]
[BlackElo "2139"]
[EventDate "2004.10.15"]
[PlyCount "131"]

1.d4 Nf6 2.c4 g6 3.Nc3 Bg7 4.e4 d6 5.Bd3 Nc6 6.Nge2 Nh5 7.Bc2 O-O 8.O-O e5
9.d5 Nb4 10.Bb1 f5 11.exf5 gxf5 12.a3 Na6 13.b4 Qh4 14.f4 e4 15.Be3 Nf6 
16.h3 Kh8 17.Ba2 Rg8 18.Qe1 Qxe1 19.Rfxe1 c5 20.dxc6 bxc6 21.Rad1 Rd8 22.
b5 Nb8 23.bxc6 Nxc6 24.Nb5 Ne8 25.Ned4 Ne7 26.Rb1 Bd7 27.Rec1 a6 28.Nc3 
Rab8 29.Nd5 Nc6 30.Nxc6 Bxc6 31.Nb4 Ba4 32.Nxa6 Rb2 33.Rxb2 Bxb2 34.Rb1 
Bc3 35.Rb7 Bc6 36.Rb6 Rc8 37.Nb4 Ba8 38.Rb5 Ng7 39.Nd5 Bxd5 40.Rxd5 Ra8 
41.Rxd6 Ne8 42.Rb6 Rxa3 43.Rb3 Rxa2 44.Rxc3 Nc7 45.Rb3 Ne6 46.Rb6 Ra3 47.
Rxe6 Rxe3 48.Re5 Rc3 49.c5 Rc1+ 50.Kh2 e3 51.Rxe3 Rxc5 52.Re5 Rc3 53.Rxf5 
Kg7 54.Rg5+ Kh6 55.Rg3 Rc8 56.h4 Kh5 57.Kh3 Rc1 58.Rg5+ Kh6 59.Re5 Rc7 60.
h5 Rf7 61.g3 Ra7 62.Kh4 Kg7 63.Re6 Kf7 64.Rb6 Kg7 65.h6+ Kf7 66.Kg5 1-0

[Event "8th Essent op"]
[Site "Hoogeveen NED"]
[Date "2004.10.16"]
[Round "2.34"]
[White "Potze, Rudolf"]
[Black "O'Cinneide, Mel"]
[Result "1-0"]
[WhiteElo "2129"]
[BlackElo "2268"]
[EventDate "2004.10.15"]
[PlyCount "63"]

1.e4 e6 2.d4 d5 3.e5 c5 4.c3 Nc6 5.Nf3 Qb6 6.a3 Nh6 7.b4 cxd4 8.cxd4 Nf5 
9.Bb2 Be7 10.h4 a5 11.b5 a4 12.g4 Nh6 13.Rg1 Na5 14.Nbd2 Bd7 15.Bc3 O-O 
16.Bd3 Nc4 17.Nxc4 dxc4 18.Be4 f5 19.exf6 Rxf6 20.g5 Rxf3 21.gxh6 Rxc3 22.
Rxg7+ Kf8 23.Bxh7 Bxa3 24.Qh5 Be8 25.Qg5 Qxd4 26.Rxa3 Bf7 27.Rxf7+ Kxf7 
28.Bg6+ Kf8 29.Rxc3 Qxc3+ 30.Kf1 Qd4 31.Bh5 Qa1+ 32.Kg2 1-0

[Event "8th Essent op"]
[Site "Hoogeveen NED"]
[Date "2004.10.16"]
[Round "2.35"]
[White "Wempe, Joost"]
[Black "Cako, Laszlo"]
[Result "1/2-1/2"]
[WhiteElo "2263"]
[BlackElo "2137"]
[EventDate "2004.10.15"]
[PlyCount "98"]

1.d4 Nf6 2.c4 e6 3.Nf3 b6 4.e3 Bb7 5.Bd3 Be7 6.O-O O-O 7.Nc3 d5 8.cxd5 
exd5 9.b3 Nbd7 10.Bb2 Re8 11.Rc1 a6 12.Ne2 Bd6 13.Rc2 Ne4 14.Qc1 Nf8 15.
Ng3 g6 16.Ne5 Ne6 17.f4 Nxg3 18.hxg3 Ng7 19.g4 Qe7 20.g5 Bxe5 21.fxe5 Rac8
22.Rf6 Ne6 23.Ba3 c5 24.Qf1 Nxg5 25.Rxb6 Ne6 26.Bxa6 Bxa6 27.Rxa6 Qg5 28.
Bc1 cxd4 29.exd4 Qg4 30.Rf2 Nxd4 31.Bf4 Ne6 32.Ra7 Rc7 33.Rxc7 Nxc7 34.Bc1
Re7 35.Ba3 Rd7 36.Rf4 Qg5 37.Bb2 Ne6 38.Ra4 d4 39.Qf6 Qxf6 40.exf6 d3 41.
Ra8+ Nd8 42.Bc1 d2 43.Bxd2 Rxd2 44.a4 Kf8 45.b4 Ke8 46.b5 Rb2 47.Ra7 h5 
48.Re7+ Kf8 49.Rd7 Ke8 1/2-1/2

[Event "8th Essent op"]
[Site "Hoogeveen NED"]
[Date "2004.10.16"]
[Round "2.36"]
[White "Westerkamp, Bert"]
[Black "Porat, Ido"]
[Result "0-1"]
[WhiteElo "2115"]
[BlackElo "2260"]
[EventDate "2004.10.15"]
[PlyCount "70"]

1.Nf3 d5 2.d4 Nf6 3.Bg5 e6 4.e3 Be7 5.Nbd2 Nbd7 6.Bd3 c5 7.c3 Qc7 8.O-O b6
9.Rc1 Bb7 10.Bf4 Bd6 11.Bxd6 Qxd6 12.Re1 O-O 13.e4 dxe4 14.Nxe4 Nxe4 15.
Bxe4 Bxe4 16.Rxe4 Qd5 17.Re2 Rfd8 18.Rd2 c4 19.Re2 Qa5 20.b3 Rac8 21.b4 
Qa3 22.Qc2 a5 23.Rb1 Nf6 24.bxa5 Qxa5 25.Re5 Rd5 26.Qb2 Rxe5 27.Nxe5 Nd5 
28.Rc1 Qa4 29.g3 b5 30.Rb1 b4 31.cxb4 c3 32.Qb3 c2 33.Rc1 Qxb4 34.Rxc2 
Qe1+ 35.Kg2 Qe4+ 0-1

[Event "8th Essent op"]
[Site "Hoogeveen NED"]
[Date "2004.10.16"]
[Round "2.38"]
[White "Giddins, Stephen"]
[Black "Knol, Geon"]
[Result "0-1"]
[WhiteElo "2248"]
[BlackElo "2110"]
[EventDate "2004.10.15"]
[PlyCount "82"]

1.c4 e6 2.Nc3 d5 3.d4 Nf6 4.cxd5 exd5 5.Bg5 Be7 6.e3 c6 7.Qc2 Nbd7 8.Bd3 
h6 9.Bh4 O-O 10.Nf3 Re8 11.O-O Nf8 12.Rab1 Ne4 13.Bxe7 Qxe7 14.b4 a6 15.a4
Bd7 16.b5 axb5 17.axb5 Nxc3 18.Qxc3 Ra3 19.Qc2 f6 20.bxc6 Bxc6 21.Bb5 Rc8 
22.Bxc6 bxc6 23.Rfc1 Qa7 24.h4 Ra2 25.Qf5 Rb8 26.Rxb8 Qxb8 27.Ne1 Qb5 28.
h5 Qe2 29.Nd3 Rd2 30.Nb4 Rd1+ 31.Rxd1 Qxd1+ 32.Kh2 Qa4 33.Nc2 Qc4 34.Kg3 
Qc3 35.Kf3 Qd2 36.Na3 Qd1+ 37.Kg3 Qc1 38.Nb1 Kf7 39.Qd3 Qh1 40.Qc2 Qxh5 
41.Qxc6 Qg6+ 0-1

[Event "8th Essent op"]
[Site "Hoogeveen NED"]
[Date "2004.10.16"]
[Round "2.39"]
[White "Struk, Jerzy"]
[Black "Nagel, Yvette"]
[Result "1-0"]
[WhiteElo "2237"]
[BlackElo "2051"]
[EventDate "2004.10.15"]
[PlyCount "61"]

1.e4 c5 2.Nf3 e6 3.c3 d5 4.exd5 Qxd5 5.d4 Nc6 6.Be2 cxd4 7.cxd4 Nf6 8.Nc3 
Bb4 9.O-O Qd8 10.Bg5 O-O 11.Qb3 Be7 12.Rad1 Nd5 13.Be3 Nxe3 14.fxe3 Na5 
15.Qc2 Qc7 16.Bd3 h6 17.Ne5 Bd6 18.Bh7+ Kh8 19.Nb5 Qxc2 20.Bxc2 Bxe5 21.
dxe5 Nc4 22.Rxf7 Kg8 23.Rxf8+ Kxf8 24.Rd8+ Ke7 25.Rg8 Nxe5 26.Rxg7+ Kf6 
27.Rg8 Ke7 28.Bb3 a6 29.Nc7 Rb8 30.Nxe6 Nc6 31.Nd4 1-0

[Event "8th Essent op"]
[Site "Hoogeveen NED"]
[Date "2004.10.17"]
[Round "3.2"]
[White "Khenkin, Igor"]
[Black "Spoelman, Wouter"]
[Result "1-0"]
[WhiteElo "2587"]
[BlackElo "2357"]
[EventDate "2004.10.15"]
[PlyCount "65"]

1.d4 Nf6 2.c4 e6 3.Nf3 b6 4.Nc3 Bb4 5.Bg5 Bb7 6.Nd2 h6 7.Bh4 O-O 8.e4 g5 
9.Bg3 Nxe4 10.Ndxe4 Bxe4 11.h4 Nc6 12.hxg5 Qxg5 13.Rh5 Qg7 14.a3 Nxd4 15.
axb4 Nc2+ 16.Kd2 Qd4+ 17.Kc1 Bg6 18.Qxc2 Bxc2 19.Kxc2 f5 20.Bd3 f4 21.Rh4 
Qg7 22.Bxf4 Qxg2 23.Ne2 Qxf2 24.Rg1+ Kf7 25.Bg3 Qe3 26.Re4 Qxg1 27.Nxg1 
Rg8 28.Ne2 d6 29.Rf4+ Kg7 30.Nd4 Rae8 31.Bh4 Rgf8 32.Rg4+ Kh8 33.Rg6 1-0

[Event "8th Essent op"]
[Site "Hoogeveen NED"]
[Date "2004.10.17"]
[Round "3.4"]
[White "Erwich, Marc"]
[Black "Zhang Pengxiang"]
[Result "0-1"]
[WhiteElo "2336"]
[BlackElo "2519"]
[EventDate "2004.10.15"]
[PlyCount "122"]

1.e4 c5 2.Nf3 Nc6 3.Bb5 Nf6 4.Bxc6 dxc6 5.d3 Bg4 6.Nc3 g6 7.Be3 Nd7 8.Qd2 
Bxf3 9.gxf3 Qa5 10.Ne2 Qb6 11.Qc3 Rg8 12.O-O-O Bg7 13.Qa3 a5 14.c3 Qb5 15.
f4 O-O-O 16.Qb3 Qxb3 17.axb3 b6 18.Kc2 Kb7 19.Rhg1 e6 20.Ng3 Bf6 21.e5 Be7
22.Ne4 Nb8 23.d4 cxd4 24.Rxd4 Rxd4 25.Bxd4 Rd8 26.Rg3 h5 27.Rd3 Kc7 28.c4 
Na6 29.Bc3 Rf8 30.Kd2 Nc5 31.Nxc5 Bxc5 32.Ke2 Ra8 33.Rd1 Rg8 34.Bd4 Bb4 
35.Be3 Rb8 36.Kf3 Rf8 37.Ke4 Be7 38.Rd2 Rb8 39.Rd1 Rb7 40.Ra1 Rb8 41.Rd1 
c5 42.Kd3 Kc6 43.Kc3 Rb7 44.Kc2 Ra7 45.Kc3 Ra8 46.Ra1 Kd7 47.Kd3 Ke8 48.
Ke2 Rb8 49.Bd2 Bh4 50.Bc3 Rd8 51.Rg1 Kf8 52.Ke3 Kg7 53.Ke2 f6 54.Ke3 Kf7 
55.h3 Rd7 56.Rh1 fxe5 57.Bxe5 Bf6 58.Bxf6 Kxf6 59.h4 Rd4 60.Rg1 a4 61.bxa4
Rxc4 0-1

[Event "8th Essent op"]
[Site "Hoogeveen NED"]
[Date "2004.10.17"]
[Round "3.5"]
[White "Klinova, Masha"]
[Black "Baklan, Vladimir"]
[Result "0-1"]
[WhiteElo "2400"]
[BlackElo "2591"]
[EventDate "2004.10.15"]
[PlyCount "102"]

1.e4 c5 2.Nf3 Nc6 3.Bb5 d6 4.O-O Bd7 5.Re1 a6 6.Bf1 Bg4 7.c3 Nf6 8.d3 e6 
9.a4 Be7 10.h3 Bh5 11.Bf4 O-O 12.Na3 d5 13.e5 Nd7 14.g4 Bg6 15.Bg3 Qb6 16.
Qe2 Rae8 17.Bg2 Qb3 18.Nb1 h6 19.Ra3 Qb6 20.Ra1 Bh7 21.Ra2 c4 22.dxc4 Qb3 
23.Ra1 dxc4 24.Nbd2 Qxb2 25.Qxc4 Nb6 26.Qb3 Qxb3 27.Nxb3 Nd5 28.Nfd4 Nxd4 
29.cxd4 Rc8 30.Rec1 b6 31.Bf1 a5 32.Ba6 Rc2 33.Rxc2 Bxc2 34.Nd2 Rd8 35.Nc4
Bb3 36.Nd6 g5 37.Bb5 Nf4 38.Ra3 Bd5 39.h4 Bxd6 40.exd6 Rxd6 41.hxg5 hxg5 
42.Rc3 Rd8 43.Kf1 Kg7 44.f3 Ba8 45.Bf2 Rh8 46.Ke1 Rh1+ 47.Kd2 Rh2 48.Ke1 
Bd5 49.Bg3 Rb2 50.Bf2 Ng2+ 51.Kf1 Nh4 0-1

[Event "8th Essent op"]
[Site "Hoogeveen NED"]
[Date "2004.10.17"]
[Round "3.6"]
[White "Bitalzadeh, Ali"]
[Black "Erenburg, Sergey"]
[Result "1/2-1/2"]
[WhiteElo "2289"]
[BlackElo "2537"]
[EventDate "2004.10.15"]
[PlyCount "163"]

1.e4 c6 2.d4 d5 3.Nd2 dxe4 4.Nxe4 Bf5 5.Ng3 Bg6 6.h4 h6 7.Nf3 Nd7 8.h5 Bh7
9.Bd3 Bxd3 10.Qxd3 e6 11.Bf4 Qa5+ 12.Bd2 Bb4 13.c3 Be7 14.c4 Qc7 15.O-O-O 
Ngf6 16.Ne4 O-O-O 17.Kb1 c5 18.Nxf6 Bxf6 19.d5 Ne5 20.Nxe5 Bxe5 21.Bc3 
Bxc3 22.Qxc3 exd5 23.cxd5 f6 24.Rhe1 Rd6 25.Qc4 Rhd8 26.Re3 Kb8 27.Rc3 Rc8
28.a3 Qd7 29.Qf4 Ka8 30.Qf3 a6 31.Ka2 Qe7 32.Qf5 Qd7 33.Qe4 Rc7 34.f3 Ka7 
35.g4 Qd8 36.Ka1 b6 37.f4 Re7 38.Qf3 Qe8 39.Ka2 Re2 40.Rcc1 Re3 41.Qh1 Qa4
42.g5 Qb3+ 43.Ka1 Re2 44.Rb1 f5 45.Qf1 Re3 46.Qg1 Re7 47.gxh6 gxh6 48.Qg8 
Red7 49.Qf8 c4 50.Qc8 b5 51.Re1 c3 52.Qxc3 Qxc3 53.bxc3 Rxd5 54.Re6 Rd3 
55.Kb2 Rf3 56.Rxh6 a5 57.Re1 a4 58.Re2 Rxf4 59.Rf6 Rf3 60.h6 f4 61.Rg2 Rg3
62.Rf2 Rh3 63.R6xf4 Rxh6 64.Re2 Rc6 65.Rf1 Rd3 66.Rc2 Kb6 67.Re1 Rf3 68.
Rd1 Rf4 69.Re1 Rfc4 70.Rec1 Rh6 71.Rd1 Kc5 72.Rg1 Kb6 73.Re1 Rc5 74.Rd1 
Rh4 75.Re1 Rh3 76.Rf1 Re5 77.Rd1 Ree3 78.Rf1 Rhf3 79.Rg1 Rg3 80.Rh1 Rh3 
81.Rf1 Rhf3 82.Rg1 1/2-1/2

[Event "8th Essent op"]
[Site "Hoogeveen NED"]
[Date "2004.10.17"]
[Round "3.7"]
[White "Brodsky, Mikhail"]
[Black "Van de Oudeweetering, Arthur"]
[Result "1/2-1/2"]
[WhiteElo "2533"]
[BlackElo "2383"]
[EventDate "2004.10.15"]
[PlyCount "35"]

1.d4 d5 2.c4 c6 3.Nf3 Nf6 4.Nc3 e6 5.Bg5 dxc4 6.a4 Bb4 7.e4 c5 8.Bxc4 cxd4
9.Nxd4 h6 10.Be3 Nxe4 11.O-O Bxc3 12.bxc3 O-O 13.Qg4 Nd6 14.Nb5 e5 15.Qe2 
Nxc4 16.Qxc4 Nc6 17.Bc5 Be6 18.Qe2 1/2-1/2

[Event "8th Essent op"]
[Site "Hoogeveen NED"]
[Date "2004.10.17"]
[Round "3.8"]
[White "l`Ami, Erwin"]
[Black "Brady, Stephen"]
[Result "1-0"]
[WhiteElo "2516"]
[BlackElo "2342"]
[EventDate "2004.10.15"]
[PlyCount "85"]

1.e4 e6 2.d4 d5 3.Nc3 Nf6 4.Bg5 Be7 5.e5 Nfd7 6.Bxe7 Qxe7 7.f4 O-O 8.Nf3 
c5 9.Qd2 Nc6 10.dxc5 Nxc5 11.O-O-O Bd7 12.Bd3 Rfc8 13.Kb1 Nxd3 14.cxd3 Qb4
15.h4 Nd4 16.Ne2 Qxd2 17.Rxd2 Nxf3 18.gxf3 f6 19.Nd4 fxe5 20.fxe5 Rf8 21.
Rg2 Rf4 22.Rhg1 g6 23.Rg4 Raf8 24.Kc2 Kg7 25.h5 Rxg4 26.Rxg4 b6 27.Kd2 Rc8
28.Rg1 a6 29.f4 Kf7 30.h6 Ke7 31.Nf3 Be8 32.Ng5 Bf7 33.b4 Bg8 34.a4 Kd7 
35.Ra1 Rf8 36.Ke3 Rc8 37.a5 b5 38.Kd2 Rf8 39.Rf1 Kd8 40.Ke3 Kd7 41.Rc1 Rf5
42.Rc2 Rf8 43.Nf3 1-0

[Event "8th Essent op"]
[Site "Hoogeveen NED"]
[Date "2004.10.17"]
[Round "3.9"]
[White "Ris, Robert"]
[Black "Smeets, Jan"]
[Result "0-1"]
[WhiteElo "2300"]
[BlackElo "2515"]
[EventDate "2004.10.15"]
[PlyCount "98"]

1.e4 c5 2.Nf3 d6 3.d4 cxd4 4.Nxd4 Nf6 5.Nc3 Nc6 6.Bg5 e6 7.Qd2 a6 8.O-O-O 
Bd7 9.f4 h6 10.Bxf6 Qxf6 11.Nf3 Qd8 12.e5 d5 13.Kb1 Qa5 14.Bd3 Bb4 15.a3 
Bxc3 16.Qxc3 Qxc3 17.bxc3 Rc8 18.Kb2 Ke7 19.g4 Rc7 20.Rhe1 Rhc8 21.Nd4 Na7
22.Ne2 Nb5 23.Bxb5 Bxb5 24.Nd4 Rxc3 25.h4 Rh3 26.h5 Rg3 27.Rg1 Rcc3 28.g5 
hxg5 29.fxg5 Rxg1 30.Rxg1 Rh3 31.h6 gxh6 32.g6 fxg6 33.Rxg6 Bd7 34.Rg7+ 
Ke8 35.Rh7 Rh5 36.Rh8+ Ke7 37.Nf3 Be8 38.c3 Rf5 39.Nd4 Rxe5 40.Rxh6 Bd7 
41.Kc2 Rg5 42.Rh7+ Kd6 43.Rh6 Ba4+ 44.Kd3 Rg3+ 45.Kd2 Rg2+ 46.Kd3 Bd7 47.
Nf5+ Ke5 48.Nd4 Ra2 49.Rh7 Kd6 0-1

[Event "8th Essent op"]
[Site "Hoogeveen NED"]
[Date "2004.10.17"]
[Round "3.10"]
[White "Van der Wiel, John"]
[Black "Afek, Yochanan"]
[Result "1/2-1/2"]
[WhiteElo "2493"]
[BlackElo "2322"]
[EventDate "2004.10.15"]
[PlyCount "63"]

1.e4 c5 2.Nf3 Nf6 3.e5 Nd5 4.Nc3 e6 5.Nxd5 exd5 6.d4 Nc6 7.dxc5 Bxc5 8.
Qxd5 d6 9.exd6 Qb6 10.Qe4+ Be6 11.Qh4 Bxd6 12.Bd3 Nb4 13.O-O Nxd3 14.cxd3 
O-O 15.Qe4 h6 16.Be3 Qxb2 17.Rfb1 Qe2 18.h3 Rfe8 19.Nd4 Qh5 20.Rb5 g5 21.
Qxb7 Rad8 22.Nxe6 Rxe6 23.Qxa7 Qg6 24.Rd5 Rde8 25.Qa4 f5 26.Qc4 Kh7 27.Rb1
R8e7 28.Qc8 g4 29.hxg4 Qxg4 30.f3 Qg3 31.Rxd6 Qxd6 32.Rb6 1/2-1/2

[Event "8th Essent op"]
[Site "Hoogeveen NED"]
[Date "2004.10.17"]
[Round "3.12"]
[White "Porat, Shay"]
[Black "Van Wissen, Michiel"]
[Result "0-1"]
[WhiteElo "2421"]
[BlackElo "2297"]
[EventDate "2004.10.15"]
[PlyCount "138"]

1.d4 Nf6 2.c4 c5 3.d5 b5 4.Nf3 Bb7 5.a4 Qa5+ 6.Bd2 b4 7.Qc2 g6 8.e4 d6 9.
g3 Bg7 10.Bh3 O-O 11.O-O e5 12.Ne1 Nbd7 13.Be3 Qc7 14.Nd2 Rae8 15.Nd3 Bc8 
16.f3 a5 17.Bg2 h6 18.h3 Nh5 19.g4 Ng3 20.Rfe1 h5 21.Bf2 h4 22.Bxg3 hxg3 
23.Nf1 Bh6 24.Nxg3 Bg5 25.Rf1 Kg7 26.Qf2 Rh8 27.Rae1 Qd8 28.Rd1 Qe7 29.b3 
Rh7 30.f4 exf4 31.Nxf4 Ne5 32.Nd3 Nxd3 33.Rxd3 Bf6 34.Ne2 Be5 35.Rf3 Rf8 
36.g5 Bg4 37.Rf6 Kg8 38.Qe3 Bxe2 39.Qxe2 Bd4+ 40.Kh1 Bxf6 41.gxf6 Qe5 42.
Qe3 Rh4 43.Rf5 Qc3 44.Rf3 Qxe3 45.Rxe3 Rh5 46.Rf3 Re8 47.Rf4 Ree5 48.Kh2 
g5 49.Rf2 Rh4 50.Kg3 Kh7 51.Rf1 Kg6 52.Rf2 Re8 53.Bf1 Re5 54.Bg2 Rexe4 55.
Bxe4+ Rxe4 56.Rf3 Kh5 57.Rd3 Re2 58.Kf3 Rh2 59.Ke4 Kh4 60.Kf5 Rf2+ 61.Ke4 
Rf4+ 62.Ke3 Kxh3 63.Ke2+ Kg2 64.Re3 Rxf6 65.Re8 g4 66.Ra8 g3 67.Rxa5 Kh3 
68.Ra8 g2 69.Rh8+ Kg3 0-1

[Event "8th Essent op"]
[Site "Hoogeveen NED"]
[Date "2004.10.17"]
[Round "3.13"]
[White "Blees, Albert"]
[Black "Van Beek, Alexander"]
[Result "0-1"]
[WhiteElo "2408"]
[BlackElo "2255"]
[EventDate "2004.10.15"]
[PlyCount "72"]

1.e4 c5 2.Nf3 e6 3.d4 cxd4 4.Nxd4 a6 5.Bd3 Bc5 6.Nb3 Ba7 7.Nc3 Nc6 8.Qe2 
d6 9.Be3 Nge7 10.Bxa7 Rxa7 11.O-O b5 12.a4 b4 13.Nd1 Ng6 14.f4 O-O 15.a5 
e5 16.f5 Nf4 17.Qf3 Nxd3 18.Qxd3 Ne7 19.Ne3 Rc7 20.Rad1 Bb7 21.f6 Ng6 22.
fxg7 Re8 23.Ng4 Nf4 24.Rxf4 exf4 25.Qd4 Re6 26.Nc5 Rg6 27.h3 Qg5 28.Nxb7 
Rxb7 29.e5 dxe5 30.Qc5 Rb8 31.Rd7 Re8 32.Qd5 Rxg7 33.Rd6 Rg6 34.Qc6 Rxd6 
35.Qxe8+ Kg7 36.Kh2 f3 0-1

[Event "8th Essent op"]
[Site "Hoogeveen NED"]
[Date "2004.10.17"]
[Round "3.14"]
[White "Romanishin, Oleg"]
[Black "Van Eijk, Sander"]
[Result "1-0"]
[WhiteElo "2543"]
[BlackElo "2203"]
[EventDate "2004.10.15"]
[PlyCount "67"]

1.d4 Nf6 2.Nf3 e6 3.g3 b6 4.Bg2 Bb7 5.c4 Be7 6.Nc3 O-O 7.O-O Re8 8.d5 Na6 
9.e4 exd5 10.cxd5 Bb4 11.e5 Bxc3 12.bxc3 Nxd5 13.Ng5 h6 14.Nxf7 Kxf7 15.
Bxd5+ Bxd5 16.Qxd5+ Kf8 17.Ba3+ c5 18.f4 Nc7 19.Qd6+ Re7 20.c4 Ne8 21.Qd3 
Qc7 22.Rad1 Rd8 23.Bb2 Qc6 24.f5 Kg8 25.Rd2 Rb8 26.Rdf2 Rf7 27.f6 Qe6 28.
Rf4 Rd8 29.fxg7 Rxf4 30.gxf4 Nxg7 31.f5 Qf7 32.e6 Qf8 33.f6 dxe6 34.f7+ 
1-0

[Event "8th Essent op"]
[Site "Hoogeveen NED"]
[Date "2004.10.17"]
[Round "3.15"]
[White "Porat, Ido"]
[Black "Li Shilong"]
[Result "0-1"]
[WhiteElo "2260"]
[BlackElo "2526"]
[EventDate "2004.10.15"]
[PlyCount "104"]

1.d4 Nf6 2.c4 e6 3.Nf3 b6 4.Nc3 Bb7 5.a3 d5 6.Bg5 Be7 7.Bxf6 Bxf6 8.cxd5 
exd5 9.Qb3 O-O 10.Rd1 Re8 11.e3 c6 12.Bd3 Na6 13.O-O Nc7 14.Bb1 g6 15.Ba2 
Qd7 16.Rfe1 Ne6 17.Qa4 b5 18.Qb3 a5 19.e4 Nf4 20.h3 Bg7 21.exd5 Qf5 22.d6 
Nxh3+ 23.gxh3 Qxf3 24.Ne4 Qf4 25.Nc5 Rxe1+ 26.Rxe1 Bxd4 27.Qxf7+ Qxf7 28.
Bxf7+ Kxf7 29.Re7+ Kf6 30.Nxb7 Bxb2 31.Rc7 Bxa3 32.d7 Be7 33.Rxc6+ Kf7 34.
Rc8 Ra6 35.Re8 Bf6 36.d8=Q Bxd8 37.Rxd8 a4 38.Rd2 b4 39.Nc5 Ra5 40.Nd3 b3 
41.Nc1 Rc5 42.Rd7+ Ke6 43.Nd3 Rc1+ 44.Nxc1 b2 45.Rd1 b1=Q 46.Re1+ Kd5 47.
Kf1 a3 48.Rd1+ Kc4 49.Re1 Qc2 50.Kg2 Qb1 51.Kf1 g5 52.Ke2 a2 0-1

[Event "8th Essent op"]
[Site "Hoogeveen NED"]
[Date "2004.10.17"]
[Round "3.17"]
[White "Hendriks, Willy"]
[Black "Vogel, Jaap"]
[Result "1/2-1/2"]
[WhiteElo "2396"]
[BlackElo "2256"]
[EventDate "2004.10.15"]
[PlyCount "84"]

1.e4 e6 2.d4 d5 3.e5 c5 4.c3 Nc6 5.Nf3 Bd7 6.Be2 Nge7 7.Na3 cxd4 8.cxd4 
Nf5 9.Nc2 Qb6 10.O-O a5 11.g4 Nfe7 12.Nh4 Nb4 13.Nxb4 axb4 14.f4 Nc6 15.
Be3 Be7 16.Ng2 Na5 17.b3 Nc6 18.f5 Na7 19.Nf4 Nb5 20.Bxb5 Bxb5 21.Rf2 Bh4 
22.Rc2 O-O 23.Qd2 Be7 24.f6 gxf6 25.Nh5 fxe5 26.dxe5 d4 27.Bxd4 Qd8 28.
Nf6+ Kh8 29.Rd1 Bxf6 30.exf6 Rg8 31.h3 Bc6 32.Rc5 Qd6 33.Bf2 Qxd2 34.Rxd2 
Rgd8 35.Rxd8+ Rxd8 36.Rc4 Rd1+ 37.Kh2 Rd2 38.Kg3 Rxa2 39.Rxb4 Bd5 40.Bc5 
Ra3 41.Rxb7 Rxb3+ 42.Rxb3 Bxb3 1/2-1/2

[Event "8th Essent op"]
[Site "Hoogeveen NED"]
[Date "2004.10.17"]
[Round "3.18"]
[White "Michielsen, Joost"]
[Black "Grooten, Herman"]
[Result "0-1"]
[WhiteElo "2249"]
[BlackElo "2391"]
[EventDate "2004.10.15"]
[PlyCount "102"]

1.e4 c6 2.d4 d5 3.e5 Bf5 4.Nc3 a6 5.Nce2 e6 6.Ng3 Bg6 7.h4 h6 8.N1e2 c5 9.
Nf4 Bh7 10.c4 Nc6 11.cxd5 Nb4 12.Bc4 exd5 13.Bb3 c4 14.a3 Nd3+ 15.Nxd3 
Bxd3 16.Bc2 Bxc2 17.Qxc2 Qd7 18.h5 Ne7 19.Be3 g6 20.hxg6 fxg6 21.Bg5 Nf5 
22.Nxf5 Qxf5 23.Qxf5 gxf5 24.Ke2 Kf7 25.Bf4 b5 26.Rh3 a5 27.Bd2 Ra6 28.Kf3
Rg8 29.Rh5 Kg6 30.Rah1 Rh8 31.g4 fxg4+ 32.Kxg4 Kf7 33.f4 Rg8+ 34.Kf3 Rag6 
35.R5h3 Rg2 36.R1h2 R8g3+ 37.Rxg3 Rxh2 38.Rg2 Rxg2 39.Kxg2 b4 40.f5 bxa3 
41.bxa3 a4 42.Bc1 c3 43.Kf3 Be7 44.Bxh6 Bxa3 45.e6+ Kf6 46.Kg4 c2 47.Bg5+ 
Kg7 48.Kh5 c1=Q 49.f6+ Kf8 50.Bxc1 Bxc1 51.Kg6 Ba3 0-1

[Event "8th Essent op"]
[Site "Hoogeveen NED"]
[Date "2004.10.17"]
[Round "3.19"]
[White "Siebrecht, Sebastian"]
[Black "Struk, Jerzy"]
[Result "1-0"]
[WhiteElo "2366"]
[BlackElo "2237"]
[EventDate "2004.10.15"]
[PlyCount "105"]

1.c4 e6 2.Nc3 d5 3.d4 Nf6 4.Nf3 Be7 5.Bg5 h6 6.Bh4 O-O 7.e3 b6 8.Qc2 Bb7 
9.Bxf6 Bxf6 10.cxd5 exd5 11.O-O-O c5 12.h4 cxd4 13.Nxd4 Nc6 14.Nxc6 Bxc6 
15.Kb1 Bb7 16.Nxd5 Rc8 17.Qe4 Kh8 18.Bd3 g6 19.Bc4 Bg7 20.g4 f5 21.Qd3 
Bxd5 22.Bxd5 Qf6 23.Rd2 f4 24.h5 gxh5 25.Rxh5 Rc5 26.a3 a5 27.Qd4 a4 28.
Qxf4 Rb5 29.Qc4 Qg6+ 30.e4 Qxg4 31.Ka2 Rc5 32.Qe2 Qg6 33.Rh1 Rfc8 34.Qd3 
Rc1 35.Rxc1 Rxc1 36.Qa6 Qf6 37.Qxa4 Rc8 38.Qa6 Rf8 39.Qb5 Qf4 40.Rc2 Qf6 
41.Rc6 Qxf2 42.Qxb6 Qh2 43.Qb7 Kh7 44.Rc7 Qe5 45.Re7 Qg5 46.e5 Kh8 47.e6 
Rd8 48.Bc6 Rg8 49.Rc7 Qc5 50.Bd5 Qd4 51.e7 Re8 52.Rc8 Qa4 53.Qa8 1-0

[Event "8th Essent op"]
[Site "Hoogeveen NED"]
[Date "2004.10.17"]
[Round "3.20"]
[White "Markus, John Raymond"]
[Black "Okkes, Menno"]
[Result "0-1"]
[WhiteElo "2219"]
[BlackElo "2353"]
[EventDate "2004.10.15"]
[PlyCount "142"]

1.d4 d5 2.Nf3 Nf6 3.e3 Bg4 4.c4 c6 5.h3 Bxf3 6.Qxf3 e6 7.Nc3 Nbd7 8.Bd3 
Bd6 9.O-O O-O 10.Rd1 Qe7 11.e4 e5 12.exd5 exd4 13.Ne4 Nxe4 14.Qxe4 Qxe4 
15.Bxe4 Rfe8 16.dxc6 Rxe4 17.cxd7 Rd8 18.Bd2 Rxd7 19.Re1 f5 20.f3 Rxe1+ 
21.Rxe1 Bg3 22.Rd1 f4 23.Kf1 Kf7 24.b3 Ke6 25.Be1 b5 26.Bxg3 fxg3 27.cxb5 
Kd5 28.Ke2 Kc5 29.Kd3 Kxb5 30.Rd2 Kb4 31.Rc2 Ka3 32.f4 g6 33.Re2 Rf7 34.
Kxd4 Rxf4+ 35.Kc3 Rf7 36.Re4 Kxa2 37.Ra4+ Kb1 38.Rg4 Rc7+ 39.Kb4 Rb7+ 40.
Ka3 Kc2 41.Rxg3 a5 42.Ka4 Rb4+ 43.Kxa5 Rxb3 44.Rg5 Rb1 45.h4 Rh1 46.g3 Kd3
47.Re5 Rh3 48.Kb6 Rxg3 49.h5 Kd4 50.Re7 Rh3 51.hxg6 hxg6 52.Rg7 Rg3 53.Kb5
g5 54.Kb4 g4 55.Rg8 Ke4 56.Kc4 Kf4 57.Kd4 Rf3 58.Rg7 Kg3 59.Ke4 Rf8 60.Ra7
Kh3 61.Ke3 g3 62.Ke2 g2 63.Rh7+ Kg3 64.Rg7+ Kh2 65.Rh7+ Kg1 66.Rh6 Re8+ 
67.Kd1 Re5 68.Rh8 Kf2 69.Rf8+ Kg3 70.Rg8+ Kf3 71.Rg7 Re4 0-1

[Event "8th Essent op"]
[Site "Hoogeveen NED"]
[Date "2004.10.17"]
[Round "3.21"]
[White "Hulshof, Peter"]
[Black "Grimm, Sascha"]
[Result "0-1"]
[WhiteElo "2209"]
[BlackElo "2342"]
[EventDate "2004.10.15"]
[PlyCount "74"]

1.e4 e6 2.Qe2 Nf6 3.g3 d5 4.e5 Nfd7 5.Bg2 b6 6.d3 Nc6 7.Nf3 Bc5 8.c3 a5 9.
a4 Ba6 10.O-O Be7 11.Na3 Nc5 12.Nb5 Nxa4 13.Nxc7+ Qxc7 14.Rxa4 b5 15.Ra1 
O-O 16.Re1 b4 17.c4 dxc4 18.dxc4 b3 19.Bd2 Rab8 20.Bf1 Nb4 21.Bxb4 Rxb4 
22.Rec1 Rc8 23.Rc3 a4 24.Rac1 Bc5 25.Qd2 Bb7 26.Bg2 Rd8 27.Rd3 Rxd3 28.
Qxd3 Bxf3 29.Bxf3 Qxe5 30.Qd8+ Bf8 31.Rc3 a3 32.Re3 Qxb2 33.Be4 g6 34.Rf3 
a2 35.Rxf7 a1=Q+ 36.Kg2 Kxf7 37.Bc6 Qf6 0-1

[Event "8th Essent op"]
[Site "Hoogeveen NED"]
[Date "2004.10.17"]
[Round "3.22"]
[White "Lahaye, Rick"]
[Black "Bensdorp, Marlies"]
[Result "1-0"]
[WhiteElo "2330"]
[BlackElo "2214"]
[EventDate "2004.10.15"]
[PlyCount "53"]

1.e4 e6 2.d4 d5 3.Nd2 Nf6 4.e5 Nfd7 5.f4 c5 6.c3 Qb6 7.Ndf3 Nc6 8.Ne2 a5 
9.g3 a4 10.Bh3 cxd4 11.cxd4 a3 12.b3 Nb4 13.O-O Be7 14.f5 exf5 15.Bxf5 Nf8
16.Bxc8 Rxc8 17.Bxa3 Ne6 18.Bxb4 Bxb4 19.Qd3 O-O 20.Rac1 h6 21.Nf4 Nc7 22.
Rc2 Rcd8 23.Nh4 Be7 24.Nf5 Rfe8 25.Nxg7 Kxg7 26.Nh5+ Kg8 27.Rxf7 1-0

[Event "8th Essent op"]
[Site "Hoogeveen NED"]
[Date "2004.10.17"]
[Round "3.23"]
[White "De Jong, Migchiel"]
[Black "Vroombout, Enrico"]
[Result "0-1"]
[WhiteElo "2316"]
[BlackElo "2141"]
[EventDate "2004.10.15"]
[PlyCount "43"]

1.d4 Nf6 2.c4 g6 3.Nc3 Bg7 4.e4 d6 5.f4 O-O 6.Nf3 c5 7.dxc5 Qa5 8.Bd3 Qxc5
9.Qe2 Nc6 10.Be3 Qa5 11.Rc1 Bd7 12.h3 Nh5 13.Qf2 f5 14.exf5 Bxf5 15.Bxf5 
Rxf5 16.Nh4 Rf7 17.Qd2 Ng3 18.Rg1 e5 19.Nf3 exf4 20.Bd4 Nxd4 21.Nxd4 Qc5 
22.Ncb5 0-1